The Nursing of the elderly sick: (Record no. 8754)

MARC details
000 -LEADER
fixed length control field 01064nam a2200373 a 4500
001 - CONTROL NUMBER
control field vtls000002860
003 - CONTROL NUMBER IDENTIFIER
control field NLI
005 - DATE AND TIME OF LATEST TRANSACTION
control field 20210601180429.0
008 - FIXED-LENGTH DATA ELEMENTS--GENERAL INFORMATION
fixed length control field 101125s1953 enk 001 0 eng
039 #9 - LEVEL OF BIBLIOGRAPHIC CONTROL AND CODING DETAIL [OBSOLETE]
-- 201011250009
-- VLOAD
040 0# - CATALOGING SOURCE
Original cataloging agency NLI
Language of cataloging eng
Transcribing agency VERGIS-2003
041 0# - LANGUAGE CODE
Language code of text/sound track or separate title eng
044 ## - COUNTRY OF PUBLISHING/PRODUCING ENTITY CODE
MARC country code enk
082 04 - DEWEY DECIMAL CLASSIFICATION NUMBER
Classification number 610.7365
100 1# - MAIN ENTRY--PERSONAL NAME
Personal name Rudd, T.N
Fuller form of name (Thomas Newton)
Dates associated with a name 1906-
9 (RLIN) 19198
245 14 - TITLE STATEMENT
Title The Nursing of the elderly sick:
Remainder of title a practice handbook of generic nursing/
Statement of responsibility, etc. T.N. Rudd
250 ## - EDITION STATEMENT
Edition statement 2nd ed.
260 ## - PUBLICATION, DISTRIBUTION, ETC.
Place of publication, distribution, etc. London:
Name of publisher, distributor, etc. Faber and Faber,
Date of publication, distribution, etc. 1953
300 ## - PHYSICAL DESCRIPTION
Extent 108 p.;
Dimensions 18 cm.
500 ## - GENERAL NOTE
General note Includes index
650 #0 - SUBJECT ADDED ENTRY--TOPICAL TERM
Topical term or geographic name entry element Geriatric nursing
9 (RLIN) 19199
650 #0 - SUBJECT ADDED ENTRY--TOPICAL TERM
Topical term or geographic name entry element Nutrition disorders in old age
9 (RLIN) 19200
650 #0 - SUBJECT ADDED ENTRY--TOPICAL TERM
Topical term or geographic name entry element Surgery
9 (RLIN) 19201
650 #0 - SUBJECT ADDED ENTRY--TOPICAL TERM
Topical term or geographic name entry element Aged
General subdivision Diseases
9 (RLIN) 13366
887 ## - NON-MARC INFORMATION FIELD
Content of non-MARC field A.Kannan
901 ## - LOCAL DATA ELEMENT A, LDA (RLIN)
a G 15587
b 16/11/1967
902 ## - LOCAL DATA ELEMENT B, LDB (RLIN)
a E 610.7365 R 831
903 ## - LOCAL DATA ELEMENT C, LDC (RLIN)
a 12/02/2004
904 ## - LOCAL DATA ELEMENT D, LDD (RLIN)
a A.Kannan
906 ## - LOCAL DATA ELEMENT F, LDF (RLIN)
a 000589
949 ## - LOCAL PROCESSING INFORMATION (OCLC)
-- VIRTUAITEM
-- 10000
-- 1
-- 100
6 GXX000015587ENG
a E 610.7365 R831
942 ## - ADDED ENTRY ELEMENTS (KOHA)
Source of classification or shelving scheme Dewey Decimal Classification
Koha item type Books
Holdings
Withdrawn status Lost status Damaged status Not for loan Collection code Home library Current library Shelving location Date acquired Total Checkouts Full call number Barcode Date last seen Price effective from Koha item type
        New English National Library of India National Library of India New English - Main Stack Division     E 610.7365 R 831 GXX000015587ENG 01/06/2021 01/06/2021 Books
                                                                           
web counter

Copyright ©2020 The National Library of India, Govt. of India ↔ Hosted by NVLI, MOC ↔ Technology and Design by National Library of India, Ministry of Culture, Govt. of India